Dejados atrás : (Registro nro. 9005)

Detalles MARC
000 -LIDER
fixed length control field 00790nam a22002417a 4500
001 - NÚMERO DE CONTROL
Identificador de número de control 00260
003 - IDENTIFICACDOR DE NÚMERO DE CONTROL
control field DO-SdBNP
005 - DATE AND TIME OF LATEST TRANSACTION
control field 20180122102807.0
008 - ELEMENTOS DE LONGITUD FIJA
fixed length control field 151204b 1998 flu xxu||||| |||| 00| 0 spa d
040 ## - FUENTE DE CATALOGACIÓN
Agencia que crea de manera original el registro BPMSU
Idioma de catalogación spa
Agencia que realiza la transcripción BPMSU
041 17 - CÓDIGOS DE OBRAS TRADUCIDAS O EN VARIOS IDIOMAS
Código del idioma del texto/archivo de sonido o separata spa
Cód. del idioma original y/o traducciones intermedias del texto eng
100 ## - ASIENTO PRINCIPAL -- NOMBRE PERSONAL
Nombre personal LaHaye, Tim
240 10 - TITULO UNIFORME
Título uniforme Left behind.
Idioma de una obra Español.
245 10 - MENCIÓN DE TITULO
Título Dejados atrás :
Subtítulo una novela de los postreros días de la tierra.
Mención de responsabilidad Tim LaHaye, Jerry B. Jenkins ; traducido al español por Nellyda Pablovsky ; revisión, Alicia Valdéz Dapena.
260 ## - PUBLICACIÓN, DISTRIBUCIÓN, ETC. (PIE DE IMPRENTA)
Lugar de publicación, distribución, etc Miami, Florida :
Nombre del editor, distribuidor, etc. Unilit,
Fecha de publicación, distribución, etc 1998.
300 ## - DESCRIPCIÓN FÍSICA
Extensión 343 p. ;
Dimensiones 17 cm.
700 12 - ASIENTO SECUNDARIO -- NOMBRE PERSONAL
Nombre personal Jenkins, Jerry B.,
700 12 - ASIENTO SECUNDARIO -- NOMBRE PERSONAL
Nombre personal Pablovsky, Nellyda,
Mención de responsabilidad tr.
910 ## - VALIDACIÓN
Validación 00260
942 ## - ADDED ENTRY ELEMENTS (KOHA)
Source of classification or shelving scheme Dewey Decimal Classification
Koha item type Libros
945 ## - INFORMACIÓN DE PROCESAMIENTO LOCAL
Información de procesamiento local inventariado, 2018 / dg
956 ## - LOCAL ELECTRONIC LOCATION AND ACCESS (OCLC)
Nombre de host Lorenza Pérez
Número de acceso 10
Existencias
Withdrawn status Lost status Source of classification or shelving scheme Damaged status Not for loan Home library Current library Date acquired Source of acquisition Total Checkouts Barcode Date last seen Copy number Price effective from Koha item type
    Dewey Decimal Classification     Biblioteca Pública Metropolitana Salomé Ureña Biblioteca Pública Metropolitana Salomé Ureña 12/04/2015 Donación   BPMSU15120039 12/04/2015 ej. 1 12/04/2015 Libros